000 00378 a2200169 4500
001 183395
020 _a85-262-3074-3
040 _cMagnum
100 _aRios, Rosana
240 1 0 _aSuaçuetê, o cervo-do-pantanal
_lpor
245 1 0 _aSuaçuetê, o cervo-do-pantanal
300 _a16
362 0 _a1997
440 1 _aScipione
697 _aLITERATURA INFANTO
942 _cBK
999 _c183395
_d183395